Defining soil quality for a sustainable environment : proceedings of a symposium sponsored by Divisions S-3, S-6, and S-2 of the Soil Science Society of America, Division A-5 of the American Society of Agronomy, and the North Central Region Committee on Soil Organic Matter (NCR-59) in Minneapolis, MN, 4-5 November 1992 /
Guardado en:
| Autor Corporativo: | |
|---|---|
| Otros Autores: | |
| Formato: | Libro |
| Idioma: | English |
| Publicado: |
Madison, Wis. :
SSSA : American Society of Agronomy,
1994.
|
| Series: | SSSA special publication ;
no. 35 |
| Acceso en línea: | Tabla de contenidos |
| Etiquetas: |
Agregar Etiqueta
Sin Etiquetas, Sea el primero en etiquetar este registro!
|
| LEADER | 01351cam a2200229 a 4500 | ||
|---|---|---|---|
| 001 | EEA.libagro009478 | ||
| 005 | 20171222131854.0 | ||
| 008 | 940215s1994####wiua#####b####100#0#eng## | ||
| 020 | |a 089118807X | ||
| 082 | 0 | 0 | |a 631.4 |
| 082 | 0 | 0 | |a 333.7316 |
| 082 | 0 | 0 | |a 639.9 |
| 245 | 0 | 0 | |a Defining soil quality for a sustainable environment : |b proceedings of a symposium sponsored by Divisions S-3, S-6, and S-2 of the Soil Science Society of America, Division A-5 of the American Society of Agronomy, and the North Central Region Committee on Soil Organic Matter (NCR-59) in Minneapolis, MN, 4-5 November 1992 / |c editors, J.W. Doran ... [et al.] ; organizing committee, J.W. Doran, J.A.E. Molina, and R.F. Harris ; editor-in-chief SSSA, J.M. Bigham ; managing editor, Susan Ernst. |
| 260 | |a Madison, Wis. : |b SSSA : |b American Society of Agronomy, |c 1994. | ||
| 300 | |a xxiii, 244 p. : |b il. ; |c 23 cm. | ||
| 440 | 0 | |a SSSA special publication ; |v no. 35 | |
| 504 | |a Incluye referencias bibliográficas. | ||
| 700 | 1 | |a Doran, John Walsh, |d 1945- | |
| 710 | 2 | |a Soil Science Society of America. |b Division S-3. | |
| 856 | |u https://dl.sciencesocieties.org/publications/books/pdfs/sssaspecialpubl/definingsoilqua/frontmatter |3 Tabla de contenidos | ||
| 859 | |a AR-BbBCA |b BIB. AGRONOMIA |h 631.4 |i S683 |p 1998/3364 | ||
| 859 | |a AR-BbBCA |b BIB. AGRONOMIA |h 631.4 |i S683 |p 1998/3188 |t Ej.2 | ||
